Morphoregulatory molecules / (Record no. 11638)
[ view plain ]
| 000 -LEADER | |
|---|---|
| fixed length control field | 01205nam a2200349 a 4500 |
| 001 - CONTROL NUMBER | |
| control field | 11638 |
| 003 - CONTROL NUMBER IDENTIFIER | |
| rucl marc code | BD-RjUL |
| 005 - DATE AND TIME OF LATEST TRANSACTION | |
| control field | 20211208235146.0 |
| 008 - FIXED-LENGTH DATA ELEMENTS--GENERAL INFORMATION | |
| fixed length control field | 170412s1990 nyu b 001 0 eng d |
| 020 ## - INTERNATIONAL STANDARD BOOK NUMBER | |
| International Standard Book Number | 0471512613 |
| 035 ## - SYSTEM CONTROL NUMBER | |
| System control number | (BD-RjUL)11687 |
| 040 ## - CATALOGING SOURCE | |
| Original cataloging agency | DLC |
| Transcribing agency | DLC |
| Modifying agency | AGL |
| -- | OCL |
| -- | TJM |
| -- | BD-RjUL |
| Language of cataloging | eng |
| 041 ## - LANGUAGE CODE | |
| Language code of text/sound track or separate title | eng |
| 070 1# - NATIONAL AGRICULTURAL LIBRARY CALL NUMBER | |
| Classification number | QH623.M6 |
| 082 00 - DEWEY DECIMAL CLASSIFICATION NUMBER | |
| Classification number | 571.6 |
| Edition number | 23 |
| Author mark and year | MOR 1990 |
| 245 00 - TITLE STATEMENT | |
| Title | Morphoregulatory molecules / |
| Statement of responsibility, etc. | edited by Gerald M. Edelman, Bruce A. Cunningham, Jean Paul Thiery |
| 260 ## - PUBLICATION, DISTRIBUTION, ETC. (IMPRINT) | |
| Place of publication, distribution, etc. | New York ; |
| -- | Chichester : |
| Name of publisher, distributor, etc. | Wiley, |
| Date of publication, distribution, etc. | c1990. |
| 300 ## - PHYSICAL DESCRIPTION | |
| Pagination | ix, 648 p. : |
| Illustrations | ill. ; |
| Size | 25 cm |
| 490 1# - SERIES STATEMENT | |
| Series statement | The Neurosciences Institute publications series |
| 504 ## - BIBLIOGRAPHY, ETC. NOTE | |
| Bibliography, etc | Includes bibliographical references and index |
| 650 #0 - SUBJECT ADDED ENTRY--TOPICAL TERM | |
| Topical term or geographic name as entry element | Cell adhesion |
| General subdivision | Molecular aspects |
| 9 (RLIN) | 35990 |
| Topical term or geographic name as entry element | Cell adhesion molecules |
| 9 (RLIN) | 35991 |
| Topical term or geographic name as entry element | Cell adhesion |
| General subdivision | Physiology |
| 9 (RLIN) | 35992 |
| Topical term or geographic name as entry element | Cell adhesion molecules |
| 9 (RLIN) | 35993 |
| Topical term or geographic name as entry element | Cells |
| General subdivision | Physiology |
| 9 (RLIN) | 35994 |
| 700 1# - ADDED ENTRY--PERSONAL NAME | |
| Personal name | Cunningham, Bruce A. |
| Personal name | Edelman, Gerald M. |
| Personal name | Thiery, Jean-Paul. |
| 830 #4 - SERIES ADDED ENTRY--UNIFORM TITLE | |
| Uniform title | The Neurosciences Institute publications series |
| 942 ## - ADDED ENTRY ELEMENTS (KOHA) | |
| Source of classification or shelving scheme | Dewey Decimal Classification |
| Koha item type | Books |
| Lost status | Source of classification or shelving scheme | Damaged status | Not for loan | Collection code | Permanent Location | Current Location | Shelving location | Date acquired | Source of acquisition | Total Checkouts | Full call number | Date last seen | Copy number | Koha item type |
|---|---|---|---|---|---|---|---|---|---|---|---|---|---|---|
| Dewey Decimal Classification | Not For Loan | Non-fiction | Central Library, University of Rajshahi | Central Library, University of Rajshahi | Reading Room | Asia foundation | 574.87 MOR 1990 | 27/01/2014 | C-1 | Books | ||||
| Dewey Decimal Classification | Non-fiction | Central Library, University of Rajshahi | Central Library, University of Rajshahi | 05/12/1993 | Asia foundation | 571.6 MOR 1989 | 12/04/2017 | C-2 | Books |